000 00414nam a22001337a 4500
999 _c11122
_d11122
008 180920b ||||| |||| 00| 0 eng d
082 _a005.01
100 _aMohammad
_96889
245 _aC Programming Tutorial
_b1 a - Compiler Installation
260 _aYouTube
_bMohammad
_c28 February 2010
300 _aC Programming Video Tutorial
856 _uhttps://www.youtube.com/watch?v=otm9NaT9OWU
942 _2ddc
_cREF